000 00967nam a22002537a 4500
999 _c63394
_d63394
005 20240530110638.0
008 171004s2016 ua g b 000 0 ara d
017 _a2015/20260
_bمصر. دار الكتب
020 _a9789777532853
040 _aEG-CaGPL
_cEG-CaGPL
082 0 4 _221
_a331.795/
_bم و
100 0 _aمنال رفعت
245 1 2 _aالوظيفة العامة بين المسؤلية والتجريم التاديبى :
_bدراسة مقارنة /
_cمنال رفعت
250 _aط. 1
260 _aالاسكندرية :
_bمكتبة الوفاء القانونية ،
_c2016.
300 _a475 ص.؛
_c24 سم.
504 _aيشتمل على ارجاعات ببليوجرافية
650 0 7 _2qrmak
_aالخدمة المدنية
650 0 7 _2qrmak
_aالموظفون
650 0 7 _2qrmak
_aتقييم الوظائف
650 0 7 _2qrmak
_aتحليل الوظائف
942 _2ddc
_cBK